000 00675nam a2200277Ia 4500
005 20260324134138.0
008 008 260324s9999 xx 000 0 eng d
020 _a9780429117947
037 _aEBOOK
040 _aCRL
040 _beng
040 _cCRL
041 _2eng
041 _aeng
084 _qCRL
100 _aElissa M. Bumiller; David A. Douthit; Joan Pecht
_91195743
245 0 _aContamination of Electronic Assemblies
260 _bTaylor and Francis
260 _c2002
365 _a
365 _b560
856 _uhttp://www.taylorfrancis.com/books/9780429117947
942 _cEBOOK
999 _c1795494
_d1795494